MARC details
| 000 -LEADER |
| campo de control de longitud fija |
01624nas a2200397 i 4500 |
| 001 - NÚMERO DE CONTROL |
| campo de control |
194042 |
| 003 - IDENTIFICADOR DE NÚMERO DE CONTROL |
| campo de control |
SpMaBN |
| 005 - FECHA Y HORA DE LA ÚLTIMA TRANSACCIÓN |
| campo de control |
20250217134943.0 |
| 008 - DATOS DE LONGITUD FIJA--INFORMACIÓN GENERAL |
| campo de control de longitud fija |
240326d1918191usp mr 0uuub0spa |
| 016 7# - NÚMERO DE CONTROL DE UNA AGENCIA BIBLIOGRÁFICA NACIONAL |
| Número de control del registro |
biseBNE19970014151 |
| Fuente |
SpMaBN |
| Número de control cancelado/no válido |
REB1996021359 |
| 022 0# - NÚMERO INTERNACIONAL NORMALIZADO PARA PUBLICACIONES SERIADAS |
| Número Internacional Normalizado para Publicaciones Seriadas |
2488-7366 |
| ISSN Incorrecto |
9975-5866 |
| Fuente |
_u |
| 035 ## - NÚMERO DE CONTROL DEL SISTEMA |
| Número de control de sistema |
(OCoLC)436634784 |
| 035 ## - NÚMERO DE CONTROL DEL SISTEMA |
| Número de control de sistema |
bise0000051464 |
| 040 ## - FUENTE DE CATALOGACIÓN |
| Centro catalogador/agencia de origen |
SpMaBN |
| Lengua de catalogación |
spa |
| Centro/agencia transcriptor |
SIC |
| 080 ## - NÚMERO DE LA CLASIFICACIÓN DECIMAL UNIVERSAL |
| Número de la Clasificación Decimal Universal |
929.6(460.22) |
| 245 00 - MENCIÓN DEL TÍTULO |
| Título |
Linajes de la Corona de Aragón : |
| Resto del título |
revista mensual ilustrada : reseña histórica genealógica y heráldica de las familias de la antigua corona de Aragón / |
| Mención de responsabilidad, etc. |
dirigida por Gregorio García Ciprés. |
| 260 ## - PUBLICACIÓN, DISTRIBUCIÓN, ETC. |
| Lugar de publicación, distribución, etc. |
Huesca : |
| Nombre del editor, distribuidor, etc. |
[s.n.], |
| Fecha de publicación, distribución, etc. |
1918- 1920 |
| Fabricante |
(Establecimiento Tipográfico de la Viuda de Leandro Pérez) |
| 300 ## - DESCRIPCIÓN FÍSICA |
| Extensión |
3 v. : |
| Otras características físicas |
il. ; |
| Dimensiones |
23 cn. |
| 310 ## - PERIODICIDAD ACTUAL |
| Periodicidad actual |
Mensual |
| 336 ## - TIPO DE CONTENIDO |
| Fuente |
rdacontent |
| Término de tipo de contenido |
texto |
| 337 ## - TIPO DE MEDIO |
| Fuente |
rdamedia |
| Nombre/término del tipo de medio |
sin mediación |
| 338 ## - TIPO DE SOPORTE |
| Fuente |
rdacarrier |
| Nombre/término del tipo de soporte |
volumen |
| 362 0# - FECHAS DE PUBLICACIÓN Y/O DESIGNACIÓN SECUENCIAL |
| Fecha de publicación y/o designación secuencial |
2ª época,T. 1, n. 1 (1 en. 1918)-t. 3, n. 5 (1 mayo 1920) |
| 530 ## - NOTA DISPONIBLE DE FORMULARIO FÍSICO ADICIONAL |
| Nota de formato físico adicional disponible |
Disponible en formato digital. |
| 650 04 - PUNTO DE ACCESO ADICIONAL DE MATERIA--TÉRMINO DE MATERIA |
| 9 (RLIN) |
13311 |
| Término de materia o nombre geográfico como elemento de entrada |
Heráldica- |
| Subdivisión geográfica |
Aragón |
| 651 #0 - PUNTO DE ACCESO ADICIONAL DE MATERIA--NOMBRE GEOGRÁFICO |
| Nombre geográfico |
Aragón |
| Subdivisión general |
Genealogía |
| Fuente del encabezamiento o término |
embne |
| 9 (RLIN) |
235651 |
| 655 ## - TERMINO DE INDIZACIÓN--GENERO/FORMA |
| Datos o término principal de género/forma |
Revistas |
| 9 (RLIN) |
226866 |
| 700 1# - ENTRADA AGREGADA--NOMBRE PERSONAL |
| Nombre de persona |
García Ciprés, Gregorio |
| 9 (RLIN) |
54371 |
| Término indicativo de función/relación |
Director |
| 780 00 - ENLACE A UN TÍTULO/ENTRADA ANTERIOR |
| Número de control del registro |
194041 |
| Biblionumber |
194042 |
| Título |
Linajes de Aragón |
| 852 ## - LOCALIZACIÓN |
| Ubicación |
ES-MaACL |
| Número de control de estantería |
G-6405-07 |
| 856 41 - LOCALIZACIÓN Y ACCESO ELECTRÓNICOS |
| Materiales especificados |
1918-1920 |
| Identificador Uniforme de Recursos |
<a href="http://bibliotecavirtual.aragon.es/i18n/consulta/registro.cmd?id=4327">http://bibliotecavirtual.aragon.es/i18n/consulta/registro.cmd?id=4327</a> |
| Texto de enlace |
Versión en línea |
| Nota pública |
Biblioteca Virtual de Aragón |
| 866 #0 - MENCIÓN TEXTUAL DE FONDOS--UNIDAD BIBLIOGRÁFICA BÁSICA |
| Fondos |
1918-1920 |
| 942 ## - ELEMENTOS DE ENTRADA SECUNDARIOS (KOHA) |
| Fuente del sistema de clasificación o colocación |
Clasificación decimal universal |
| Suprimir en OPAC |
No |
| Tipo de ítem Koha |
Revista |
| 955 ## - CATALOGADOR - EDICIÓN |
| Nombre de catalogador |
Orex Digital |